• 首页
  • 本馆介绍
  • 公告通知
  • 最新文献
  • 馆藏检索
  • 电子资源
  • 读者导购
  • 参考咨询
  • 我的图书馆
  • 登录
  • 详细信息显示
  • 放入我的书架
  • 预约/预借图书
  • 作者相关作品
  • 分类相关作品
  • 丛书相关作品
  • 出版社相关作品

书目信息

  • 表格格式
  • 工作单格式
  • 卡片格式
题名:
数学习题集
    
 
作者: ;《数学习题集》编写组
分册:  
出版信息: 北京   北京出版社  1979.09
页数: 130页
开本: 19cm
丛书名: 中学数理化读物
单 册:
中图分类: O633.6
科图分类:
主题词: 高分子化学 , 高聚物
电子资源:
ISBN:
000 00742nam0 2200253 45
001 0310230874
005 20060512081842.25
010    @dCNY0.31
091    @a7071.605
100    @a20031023d1979 km y0chiy0120 ea
101 0  @achi
105    @aa z 000yy
200 1  @a数学习题集@AShu Xue Xi Ti Ji@e综合部分@EZong He Bu Fen@f《数学习题集》编写组@F《Shu Xue Xi Ti Ji》Bian Xie Zu
210    @a北京@c北京出版社@d1979.09
215    @a130页@c图表@d19cm
225    @a中学数理化读物
410    @12001 @a中学数理化读物
517    @a综合部分@AZong He Bu Fen
606 0  @a高分子化学
606 0  @a高聚物
690    @aO633.6@v3
711 02 @a《数学习题集》编写组
801    @aCN@bTSTC@c20060512
905    @f3@b29298-300@f1@b29292@dO633.6@e57
    
    数学习题集:综合部分/《数学习题集》编写组.-北京:北京出版社,1979.09
    130页:图表;19cm.-(中学数理化读物)
    
    
    ISBN :CNY0.31
    
●
相关链接 在E读中查询图书 在五车中查询图书 在当当中查询图书 在豆瓣中查询图书


正题名:数学习题集     索取号:O633.6/57         预约/预借

序号 登录号 条形码 馆藏地/架位号 状态 备注
1 0010801   001722256   密集书库/ [索取号:O633.6/57] 在馆    
2 0010804   001722229   密集书库/ [索取号:O633.6/57] 在馆    
3 0010806   001722130   密集书库/ [索取号:O633.6/57] 在馆    
4 0010807   001722283   密集书库/ [索取号:O633.6/57] 在馆    
5 0010808   001722201   密集书库/ [索取号:O633.6/57] 在馆    
6 0010809   001722149   密集书库/ [索取号:O633.6/57] 在馆    
7 0010810   001722210   密集书库/ [索取号:O633.6/57] 在馆    
8 0010813   001722167   密集书库/ [索取号:O633.6/57] 在馆    
9 0010815   001722336   密集书库/ [索取号:O633.6/57] 在馆    
10 0010816   001722345   密集书库/ [索取号:O633.6/57] 在馆    
11 0010817   001722121   密集书库/ [索取号:O633.6/57] 在馆    
12 0010818   001722265   密集书库/ [索取号:O633.6/57] 在馆    
13 0010819   001722309   密集书库/ [索取号:O633.6/57] 在馆    
14 0029292   001846738   密集书库/ [索取号:O633.6/57] 在馆    
15 0029295   001722096   密集书库/ [索取号:O633.6/57] 在馆    
16 0029297   001719144   密集书库/ [索取号:O633.6/57] 在馆    
17 0029298   001846694   密集书库/ [索取号:O633.6/57] 在馆    
18 0029299   001846701   密集书库/ [索取号:O633.6/57] 在馆    
19 0029300   001846747   密集书库/ [索取号:O633.6/57] 在馆    
20 0029311   001719153   密集书库/ [索取号:O633.6/57] 在馆    
21 0029312   001722247   密集书库/ [索取号:O633.6/57] 在馆    
22 0029313   001719199   密集书库/ [索取号:O633.6/57] 在馆    
23 0029324   202322405   密集书库/ [索取号:O633.6/57] 在馆    
24 0029367   001722185   密集书库/ [索取号:O633.6/57] 在馆    
25 0029374   001722176   密集书库/ [索取号:O633.6/57] 在馆    
唐山师范学院图书馆 欢迎您!
大连网信软件有限公司© 版权所有